| 000 | 00797cab a2200205 4500 | ||
|---|---|---|---|
| 001 | ABS42279 | ||
| 008 | 090401t1990 xxu||||| |||| 00| 0 eng d | ||
| 035 | _a(Sirsi) u35931 | ||
| 041 | _aeng | ||
| 100 | _aPowell-Smith, V. | ||
| 245 | _aGC/Works/1 - Edition 3 | ||
| 260 | _c1990 | ||
| 350 | _a0 | ||
| 490 |
_aArchitects` Journal _v191(12) 21 March 1990, 83-87 |
||
| 520 | _aFirst two articles in a series describing the new GC/Works/1 Edition 3 contract. The first article examines the main features, layout and contract documentation and the second considers how it recognises the contractors expertise and its management orientation, listing the relevant clauses. | ||
| 690 | _aBUILT ENVIRONMENT-BUILDING CONTRACT FORMS | ||
| 700 | _aChappell, D. | ||
| 942 | _n0 | ||
| 948 | _c04/03/1997 | ||
| 999 |
_c23479 _d23479 |
||